[Event "SVK-chT2B 2223"]
[Site "Slovakia"]
[Date "2022.10.08"]
[Round "1.3"]
[White "Horn, Jozef"]
[Black "Laho, Maros"]
[Result "0-1"]
[WhiteElo "1943"]
[BlackElo "2037"]
[PlyCount "42"]
[EventDate "2022.10.08"]
[EventType "team-tourn"]
[EventRounds "11"]
[EventCountry "SVK"]
[SourceTitle "CBM 210 Extra"]
[Source "ChessBase"]
[SourceDate "2022.11.30"]
[SourceVersion "1"]
[SourceVersionDate "2022.11.30"]
[SourceQuality "1"]
[WhiteTeam "Topolcany II"]
[BlackTeam "Surany"]
[WhiteTeamCountry "SVK"]
[BlackTeamCountry "SVK"]

1. d4 Nf6 2. c4 e6 3. Nc3 Bb4 4. Bd2 b6 5. Nf3 Bb7 6. Qb3 Qe7 7. e3 a5 8. Be2 0-0 9. a3 Bxc3 10. bxc3 d6 11. Qb5 Nbd7 12. h4 Ne4 13. Bd3 f5 14. d5 Ndc5 15. Be2 exd5 16. Qb1 Nxd2 17. Nxd2 f4 18. Rh3 fxe3 19. Rxe3 Qxh4 20. Nf3 Qh1+ 21. Kd2 Qxg2 0-1

[Event "SVK-chT2B 1718"]
[Site "Slovakia"]
[Date "2017.10.28"]
[Round "1.6"]
[White "Horn, Jozef"]
[Black "Lakatos, Vladimir"]
[Result "1/2-1/2"]
[WhiteElo "1947"]
[BlackElo "2031"]
[PlyCount "52"]
[EventDate "2017.10.28"]
[EventType "team-tourn"]
[EventRounds "11"]
[EventCountry "SVK"]
[SourceTitle "CBM 181 Extra"]
[Source "ChessBase"]
[SourceDate "2017.12.12"]
[SourceVersion "1"]
[SourceVersionDate "2017.12.12"]
[SourceQuality "1"]
[WhiteTeam "Topolcany"]
[BlackTeam "Prievidza"]
[WhiteTeamCountry "SVK"]
[BlackTeamCountry "SVK"]

1. d4 Nf6 2. g3 g6 3. Bg2 Bg7 4. e4 d6 5. c3 0-0 6. Ne2 e5 7. 0-0 Nbd7 8. f3 c5 9. Be3 Qc7 10. a4 b6 11. Na3 a6 12. Rc1 Rb8 13. b4 Ne8 14. f4 Bb7 15. a5 b5 16. fxe5 dxe5 17. dxc5 Ndf6 18. Qc2 Qc6 19. c4 Nc7 20. Nc3 bxc4 21. Nxc4 Ng4 22. Nd5 Kh8 23. Bd2 Nb5 24. Qd1 f5 25. Nce3 Nxe3 26. Bxe3 fxe4 1/2-1/2

[Event "SVK-chT2B 1617"]
[Site "Slovakia"]
[Date "2017.03.11"]
[Round "10.5"]
[White "Horn, Jozef"]
[Black "Dvoranova, Maria"]
[Result "0-1"]
[WhiteElo "1985"]
[BlackElo "1900"]
[PlyCount "72"]
[EventDate "2016.10.08"]
[EventType "team-tourn"]
[EventRounds "11"]
[EventCountry "SVK"]
[SourceTitle "EXT 2018"]
[Source "ChessBase"]
[SourceDate "2017.10.13"]
[SourceVersion "1"]
[SourceVersionDate "2017.10.13"]
[SourceQuality "1"]
[WhiteTeam "Topolcany"]
[BlackTeam "Surany Lokomotiva"]
[WhiteTeamCountry "SVK"]
[BlackTeamCountry "SVK"]

1. d4 Nf6 2. c4 e6 3. Nc3 d5 4. e3 b6 5. Nf3 Bd6 6. Be2 0-0 7. 0-0 dxc4 8. Bxc4 Bb7 9. Qe2 c5 10. h3 a6 11. Rd1 Qc7 12. a4 Nc6 13. d5 exd5 14. Bxd5 Rad8 15. e4 Qb8 16. Bg5 Nxd5 17. Nxd5 f6 18. Be3 Bc8 19. Qc4 Kh8 20. Qb3 b5 21. axb5 axb5 22. Qc2 f5 23. e5 Nxe5 24. Nxe5 Bxe5 25. Bxc5 Rf7 26. Rac1 Bb7 27. Qb3 Rfd7 28. Ne3 Rd2 29. Rxd2 Rxd2 30. Nd1 Qd8 31. Ne3 f4 32. Nf1 Rxb2 33. Rd1 Qe8 34. Qa3 h6 35. Qa5 Qc6 36. f3 Rxg2+ 0-1

[Event "SVK-chT2B 1617"]
[Site "Slovakia"]
[Date "2017.01.21"]
[Round "7.6"]
[White "Svonavec, Stefan"]
[Black "Horn, Jozef"]
[Result "1-0"]
[WhiteElo "1985"]
[BlackElo "1985"]
[PlyCount "119"]
[EventDate "2016.10.08"]
[EventType "team-tourn"]
[EventRounds "11"]
[EventCountry "SVK"]
[SourceTitle "EXT 2018"]
[Source "ChessBase"]
[SourceDate "2017.10.13"]
[SourceVersion "1"]
[SourceVersionDate "2017.10.13"]
[SourceQuality "1"]
[WhiteTeam "Levice"]
[BlackTeam "Topolcany"]
[WhiteTeamCountry "SVK"]
[BlackTeamCountry "SVK"]

1. d4 d5 2. Nf3 c6 3. c3 g6 4. Bf4 Bg7 5. Nbd2 Nf6 6. h3 0-0 7. Ne5 Nbd7 8. e3 Nh5 9. Nxd7 Bxd7 10. Bh2 Rc8 11. Be2 Nf6 12. Be5 Qb6 13. Qb3 Bf5 14. g4 Be6 15. f3 Nd7 16. Bxg7 Kxg7 17. f4 f6 18. h4 c5 19. 0-0 Bf7 20. g5 Qe6 21. e4 Qh3 22. c4 Qxb3 23. axb3 dxc4 24. bxc4 cxd4 25. Rxa7 Rc7 26. b4 Nb6 27. c5 Nc8 28. Ra8 b6 29. Rc1 Na7 30. gxf6+ exf6 31. Rxf8 Kxf8 32. Nf3 bxc5 33. bxc5 Nc6 34. Bb5 Be8 35. Bxc6 Bxc6 36. Nxd4 Ke7 37. Nxc6+ Rxc6 38. Kf2 Ke6 39. Ke3 Rc8 40. Kd4 Rd8+ 41. Kc4 Rd2 42. Ra1 Re2 43. Ra6+ Kd7 44. Kd3 Rh2 45. Rxf6 Rxh4 46. Kd4 Rh1 47. c6+ Kc7 48. e5 Rd1+ 49. Kc5 Rc1+ 50. Kd5 Rd1+ 51. Ke6 Kxc6 52. Kf7+ Kc7 53. e6 Re1 54. Kg7 Kd6 55. Kxh7 Ke7 56. Kxg6 Rg1+ 57. Kf5 Re1 58. Rf7+ Ke8 59. Rb7 Rh1 60. Ke5 1-0

[Event "SVK-chT2B 1617"]
[Site "Slovakia"]
[Date "2016.11.06"]
[Round "4.8"]
[White "Voros, Gellert"]
[Black "Horn, Jozef"]
[Result "1-0"]
[WhiteElo "2122"]
[BlackElo "1985"]
[PlyCount "98"]
[EventDate "2016.10.08"]
[EventType "team-tourn"]
[EventRounds "11"]
[EventCountry "SVK"]
[SourceTitle "CBM 175 Extra"]
[Source "ChessBase"]
[SourceDate "2016.12.12"]
[SourceVersion "1"]
[SourceVersionDate "2016.12.12"]
[SourceQuality "1"]
[WhiteTeam "Komarno"]
[BlackTeam "Topolcany"]
[WhiteTeamCountry "SVK"]
[BlackTeamCountry "SVK"]

1. e4 d6 2. d4 Nf6 3. Nc3 c6 4. Be3 Qa5 5. Qd2 Nbd7 6. Nf3 e5 7. Bd3 Be7 8. h3 Nf8 9. Bc4 Be6 10. d5 Bd7 11. 0-0 Ng6 12. Bg5 c5 13. a4 a6 14. Rfe1 0-0 15. Bf1 Qd8 16. a5 Nh5 17. Na4 Bxa4 18. Rxa4 Qd7 19. Ra3 Rac8 20. Bxe7 Qxe7 21. Qe3 Nh4 22. Rb3 Nxf3+ 23. Qxf3 g6 24. Rb6 Rc7 25. g3 f5 26. exf5 Rxf5 27. Qe3 Rf7 28. Bg2 Qf6 29. Rf1 c4 30. Rb4 Rc5 31. Qc3 Rfc7 32. Re1 Rxa5 33. Rxc4 Rxc4 34. Qxc4 Rc5 35. Qb3 Rb5 36. Qa3 Rc5 37. Qa4 Ng7 38. c3 Qd8 39. Kh2 Nf5 40. f4 Ra5 41. Qe4 exf4 42. Qxf4 Rc5 43. Re6 Qc7 44. g4 Rc4 45. Qf1 Ng7 46. Re3 b5 47. Qf6 Qf7 48. Qxd6 Rc7 49. Rf3 Qd7 1-0

[Event "SVK-chT1W 1415"]
[Site "Slovakia"]
[Date "2015.01.31"]
[Round "7.5"]
[White "Kosar, Mikulas"]
[Black "Horn, Jozef"]
[Result "1/2-1/2"]
[WhiteElo "1820"]
[BlackElo "2028"]
[PlyCount "51"]
[EventDate "2014.10.18"]
[EventType "team-tourn"]
[EventRounds "11"]
[EventCountry "SVK"]
[SourceTitle "EXT 2016"]
[Source "ChessBase"]
[SourceDate "2015.10.08"]
[SourceVersion "1"]
[SourceVersionDate "2015.10.08"]
[SourceQuality "1"]
[WhiteTeam "Gabcikovo Russel"]
[BlackTeam "Topolciansky CVC"]
[WhiteTeamCountry "SVK"]
[BlackTeamCountry "SVK"]

1. d4 d5 2. Nf3 g6 3. Bf4 Bg7 4. e3 Nf6 5. Bd3 0-0 6. c3 a5 7. Nbd2 Nbd7 8. Ne5 Nh5 9. Ndf3 Nxe5 10. Bxe5 Bg4 11. Bxg7 Nxg7 12. h3 Bf5 13. g4 Bxd3 14. Qxd3 Qd6 15. 0-0-0 a4 16. a3 Ra6 17. Ne1 f5 18. f4 Qe6 19. Nf3 fxg4 20. Ng5 Qf5 21. hxg4 Qxd3 22. Rxd3 h5 23. gxh5 Nxh5 24. Rd2 Rf5 25. Rg2 Kg7 26. Nf3 1/2-1/2

[Event "SVK-chT1W 1415"]
[Site "Slovakia"]
[Date "2014.11.29"]
[Round "3.5"]
[White "Puskar, Peter"]
[Black "Horn, Jozef"]
[Result "1-0"]
[WhiteElo "2051"]
[BlackElo "2028"]
[PlyCount "48"]
[EventDate "2014.10.18"]
[EventType "team-tourn"]
[EventRounds "11"]
[EventCountry "SVK"]
[SourceTitle "EXT 2016"]
[Source "ChessBase"]
[SourceDate "2015.10.08"]
[SourceVersion "1"]
[SourceVersionDate "2015.10.08"]
[SourceQuality "1"]
[WhiteTeam "Trnava Lokomotiva"]
[BlackTeam "Topolciansky CVC"]
[WhiteTeamCountry "SVK"]
[BlackTeamCountry "SVK"]

1. d4 g6 2. c4 Bg7 3. e4 d6 4. Nc3 Nd7 5. f4 e5 6. Nf3 exd4 7. Nxd4 Nc5 8. Be2 Ne7 9. 0-0 f5 10. Bf3 0-0 11. Be3 fxe4 12. Nxe4 Nf5 13. Nxf5 Bxf5 14. Nxc5 dxc5 15. Bd5+ Kh8 16. Bxc5 Re8 17. Bxb7 Rb8 18. Bd5 c6 19. Bf3 Rxb2 20. Qxd8 Rxd8 21. Rad1 Rc8 22. Rf2 Bc2 23. Rdd2 Re8 24. Rfe2 Rxe2 1-0

[Event "SVK-chT2B 10/11"]
[Site "Slovakia"]
[Date "2010.10.24"]
[Round "2.1"]
[White "Grilus, Marian"]
[Black "Horn, Jozef"]
[Result "1/2-1/2"]
[WhiteElo "1941"]
[BlackElo "2047"]
[PlyCount "47"]
[EventDate "2010.10.23"]
[EventType "team-tourn"]
[EventRounds "11"]
[EventCountry "SVK"]
[SourceTitle "EXT 2019"]
[Source "ChessBase"]
[SourceDate "2018.10.10"]
[SourceVersion "1"]
[SourceVersionDate "2018.10.10"]
[SourceQuality "1"]
[WhiteTeam "Nove Zamky Basta II"]
[BlackTeam "Partizanske SK Neomax"]
[WhiteTeamCountry "SVK"]
[BlackTeamCountry "SVK"]

1. d4 e6 2. c4 Nf6 3. Nc3 d5 4. cxd5 exd5 5. Bg5 Be7 6. Qc2 c6 7. e3 h6 8. Bh4 a5 9. Bd3 Na6 10. a3 Bd7 11. Nge2 b5 12. 0-0 b4 13. Nd1 Qc8 14. f3 c5 15. Bxf6 Bxf6 16. Bxa6 Qxa6 17. dxc5 Bb5 18. Re1 b3 19. Qd2 Bc4 20. Nd4 0-0 21. Nc3 Rac8 22. c6 Bxd4 23. Qxd4 Qxc6 24. Rad1 1/2-1/2

[Event "SVK-chT2B 0910"]
[Site "Slovakia"]
[Date "2010.02.28"]
[Round "11"]
[White "Malinovsky, Jozef"]
[Black "Horn, Jozef"]
[Result "1/2-1/2"]
[WhiteElo "1905"]
[BlackElo "2068"]
[PlyCount "58"]
[EventDate "2009.10.10"]
[EventType "team"]
[EventRounds "11"]
[EventCountry "SVK"]
[SourceTitle "EXT 2011"]
[Source "ChessBase"]
[SourceDate "2010.11.26"]
[SourceVersion "1"]
[SourceVersionDate "2010.11.26"]
[SourceQuality "1"]
[WhiteTeam "Belusa"]
[BlackTeam "Partizanske"]
[WhiteTeamCountry "SVK"]
[BlackTeamCountry "SVK"]

1. Nf3 d5 2. b3 Nf6 3. Bb2 Nc6 4. e3 g6 5. c4 e6 6. cxd5 exd5 7. Bb5 Bd7 8. 0-0 Bg7 9. a4 0-0 10. Bxc6 Bxc6 11. d4 Bd7 12. Nbd2 c6 13. Rc1 Re8 14. Ba3 Bg4 15. Qc2 Ne4 16. h3 Bf5 17. Qd1 Bh6 18. Nxe4 Rxe4 19. Re1 f6 20. Rc3 g5 21. Nh2 Qd7 22. g4 Bg6 23. f3 Ree8 24. Kg2 Bf8 25. Bxf8 Rxf8 26. Re2 Rfe8 27. Nf1 Re7 28. Ng3 Rae8 29. Qe1 Rc8 1/2-1/2

[Event "SVK-chT2B 0708"]
[Site "Slovakia"]
[Date "2008.02.03"]
[Round "9.4"]
[White "Gulbis, Adrian"]
[Black "Horn, Jozef"]
[Result "1-0"]
[WhiteElo "2056"]
[BlackElo "2080"]
[PlyCount "81"]
[EventDate "2007.10.06"]
[EventType "team-tourn"]
[EventRounds "11"]
[EventCountry "SVK"]
[SourceTitle "EXT 2010"]
[Source "ChessBase"]
[SourceDate "2010.11.25"]
[SourceVersion "1"]
[SourceVersionDate "2010.11.25"]
[SourceQuality "1"]
[WhiteTeam "Nove Zamky Basta II"]
[BlackTeam "Topolcianky Lokomotiva"]
[WhiteTeamCountry "SVK"]
[BlackTeamCountry "SVK"]

1. d4 d5 2. c4 e6 3. Nc3 Nf6 4. Bg5 Be7 5. e3 0-0 6. Nf3 b6 7. Bd3 h6 8. Bh4 Bb7 9. 0-0 Nbd7 10. Rc1 Rc8 11. Qe2 c5 12. cxd5 Nxd5 13. Bxe7 Qxe7 14. Nxd5 Bxd5 15. dxc5 Nxc5 16. Bb1 f5 17. Ne5 Qb7 18. f3 Qb8 19. Ng6 Rf7 20. e4 Bb7 21. b4 Na4 22. exf5 Rxc1 23. Rxc1 exf5 24. Bxf5 Rf6 25. Qc4+ Kh7 26. Nf8+ Kh8 27. Ng6+ Kh7 28. Nf8+ Kh8 29. Nd7 b5 30. Qc2 Qd6 31. Qc8+ Bxc8 32. Rxc8+ Rf8 33. Rxf8+ Qxf8 34. Nxf8 Kg8 35. Ne6 Kf7 36. Nd8+ Kf6 37. Bd3 Nc3 38. a3 a6 39. Nc6 Nd5 40. Nb8 Nc7 41. Be4 1-0

[Event "SVK-chT2B 0708"]
[Site "Slovakia"]
[Date "2007.12.01"]
[Round "5.3"]
[White "Horn, Jozef"]
[Black "Kijac, Miroslav"]
[Result "1/2-1/2"]
[WhiteElo "2080"]
[BlackElo "2161"]
[PlyCount "32"]
[EventDate "2007.10.06"]
[EventType "team-tourn"]
[EventRounds "11"]
[EventCountry "SVK"]
[SourceTitle "EXT 2010"]
[Source "ChessBase"]
[SourceDate "2010.11.25"]
[SourceVersion "1"]
[SourceVersionDate "2010.11.25"]
[SourceQuality "1"]
[WhiteTeam "Topolcianky Lokomotiva"]
[BlackTeam "Trencin SK II"]
[WhiteTeamCountry "SVK"]
[BlackTeamCountry "SVK"]

1. d4 d5 2. Nf3 Nf6 3. g3 c6 4. Bg2 Bf5 5. 0-0 Nbd7 6. b3 e6 7. c4 h6 8. Nbd2 Be7 9. Bb2 0-0 10. Re1 a5 11. Ne5 Nxe5 12. dxe5 Nd7 13. cxd5 exd5 14. e4 dxe4 15. Nxe4 Nc5 16. Nxc5 Bxc5 1/2-1/2

[Event "SVK-chT2B 0607"]
[Site "Slovakia"]
[Date "2007.02.04"]
[Round "9.6"]
[White "Berek, Geza"]
[Black "Horn, Jozef"]
[Result "1/2-1/2"]
[WhiteElo "2093"]
[BlackElo "2084"]
[PlyCount "91"]
[EventDate "2006.10.14"]
[EventType "team-tourn"]
[EventRounds "11"]
[EventCountry "SVK"]
[SourceTitle "EXT 2008"]
[Source "ChessBase"]
[SourceDate "2007.11.25"]
[SourceVersion "1"]
[SourceVersionDate "2007.11.25"]
[SourceQuality "1"]
[WhiteTeam "Batorove Kosihy"]
[BlackTeam "Topolcany"]
[WhiteTeamCountry "SVK"]
[BlackTeamCountry "SVK"]

1. d4 g6 2. Nf3 Bg7 3. e4 d6 4. h3 Nf6 5. Bd3 0-0 6. 0-0 Nc6 7. c3 e5 8. d5 Ne7 9. Bg5 h6 10. Be3 Ne8 11. Qc1 Kh7 12. Nh2 f5 13. f3 f4 14. Bf2 g5 15. c4 h5 16. Nd2 Nf6 17. Be2 Neg8 18. a4 Nh6 19. Ra3 Rg8 20. Kh1 Bf8 21. Rg1 a5 22. Qf1 Bd7 23. g4 fxg3 24. Bxg3 Qe8 25. h4 g4 26. f4 exf4 27. Qxf4 Bg7 28. Bd3 Kh8 29. Re1 Rf8 30. Qe3 Nfg8 31. b3 Nf7 32. Ra2 Ne5 33. Bb1 b6 34. Rf1 Qe7 35. Rxf8 Rxf8 36. Ndf1 Nf3 37. Bd3 Bh6 38. Qe2 Nxh4 39. e5 dxe5 40. Bxe5+ Bg7 41. Bxc7 Qc5 42. Bg3 Nf3 43. Bf2 Qd6 44. Bg3 Qc5 45. Bf2 Qd6 46. Bg3 1/2-1/2

[Event "SVK-chT2B 0607"]
[Site "Slovakia"]
[Date "2006.12.17"]
[Round "6.5"]
[White "Horn, Jozef"]
[Black "Chovanec, Milan"]
[Result "1/2-1/2"]
[WhiteElo "2084"]
[BlackElo "2184"]
[PlyCount "37"]
[EventDate "2006.10.14"]
[EventType "team-tourn"]
[EventRounds "11"]
[EventCountry "SVK"]
[SourceTitle "EXT 2008"]
[Source "ChessBase"]
[SourceDate "2007.11.25"]
[SourceVersion "1"]
[SourceVersionDate "2007.11.25"]
[SourceQuality "1"]
[WhiteTeam "Topolcany"]
[BlackTeam "Povazska Bystrica"]
[WhiteTeamCountry "SVK"]
[BlackTeamCountry "SVK"]

1. d4 Nf6 2. Nf3 g6 3. c3 Bg7 4. g3 0-0 5. Bg2 d6 6. 0-0 Nc6 7. Nbd2 e5 8. dxe5 dxe5 9. Qc2 Qe7 10. e4 Rd8 11. b3 Qc5 12. Nc4 Qe7 13. Ba3 Qe8 14. Rad1 Bg4 15. Ne3 Qe6 16. Rxd8+ Rxd8 17. Ng5 Qe8 18. Nxg4 Nxg4 19. Rd1 1/2-1/2

[Event "SVK-chT2B 0607"]
[Site "Slovakia"]
[Date "2006.11.25"]
[Round "3.2"]
[White "Hutyra, Roman"]
[Black "Horn, Jozef"]
[Result "0-1"]
[WhiteElo "1955"]
[BlackElo "2084"]
[PlyCount "70"]
[EventDate "2006.10.14"]
[EventType "team-tourn"]
[EventRounds "11"]
[EventCountry "SVK"]
[SourceTitle "EXT 2008"]
[Source "ChessBase"]
[SourceDate "2007.11.25"]
[SourceVersion "1"]
[SourceVersionDate "2007.11.25"]
[SourceQuality "1"]
[WhiteTeam "Povazska Bystrica II"]
[BlackTeam "Topolcany"]
[WhiteTeamCountry "SVK"]
[BlackTeamCountry "SVK"]

1. e4 d6 2. d4 Nf6 3. Nc3 c6 4. f4 g6 5. Nf3 Bg7 6. Bd3 Qb6 7. e5 dxe5 8. dxe5 Nd5 9. Nxd5 cxd5 10. c3 e6 11. Qe2 Nc6 12. Be3 Qc7 13. 0-0 Na5 14. Nd4 a6 15. Rac1 0-0 16. c4 dxc4 17. Bxc4 Qb8 18. Bd3 Bd7 19. Be4 Rc8 20. Rxc8+ Qxc8 21. Rc1 Qe8 22. Qf3 Rc8 23. Bxb7 Rxc1+ 24. Bxc1 Qb8 25. Be4 f6 26. Qc3 fxe5 27. Nxe6 Bxe6 28. Qxa5 Qa7+ 29. Kh1 Qd4 30. Qe1 Bxa2 31. fxe5 Qxe5 32. Qh4 Bf6 33. Qg4 Bb1 34. Qc8+ Kg7 35. Qd7+ Be7 0-1

[Event "SVK-chT1W 0102"]
[Site "Slovakia"]
[Date "2002.??.??"]
[Round "11"]
[White "Csonka, Attila Istvan"]
[Black "Horn, Jozef"]
[Result "1-0"]
[WhiteElo "2335"]
[BlackElo "2065"]
[PlyCount "117"]
[EventDate "2001.10.??"]
[EventType "team"]
[EventRounds "11"]
[EventCountry "SVK"]
[SourceTitle "EXT 2009"]
[Source "ChessBase"]
[SourceDate "2008.11.26"]
[SourceVersion "1"]
[SourceVersionDate "2008.11.26"]
[SourceQuality "1"]

1. e4 d6 2. d4 Nf6 3. Nc3 c6 4. f3 g6 5. Be3 Bg7 6. Qd2 Qa5 7. Bc4 b5 8. Bb3 Qc7 9. 0-0-0 Nbd7 10. Nh3 Nb6 11. e5 Nfd5 12. exd6 Qxd6 13. Ne4 Qc7 14. Bh6 Bxh6 15. Qxh6 Bxh3 16. Qxh3 a5 17. Qg3 Qxg3 18. hxg3 a4 19. Bxd5 Nxd5 20. Rh6 Kf8 21. Rdh1 Kg7 22. a3 Ne3 23. Ng5 f6 24. Ne6+ Kf7 25. Nc7 Nf5 26. Rxh7+ Rxh7 27. Rxh7+ Kg8 28. Nxa8 Kxh7 29. d5 cxd5 30. Nc7 Nxg3 31. Nxd5 Nf5 32. g4 Nd4 33. f4 Kg7 34. Kd2 Kf7 35. Kd3 Nc6 36. Ke4 f5+ 37. gxf5 gxf5+ 38. Ke3 e5 39. fxe5 Nxe5 40. Kd4 Nc4 41. Nc3 Nxb2 42. Nxb5 Ke6 43. Nc7+ Kd6 44. Nd5 Nd1 45. c4 Nf2 46. c5+ Ke6 47. Nf4+ Kd7 48. Kd5 Ne4 49. c6+ Kc7 50. Ne6+ Kb6 51. Nd4 Kc7 52. Nxf5 Nc3+ 53. Kc4 Nb1 54. Nd4 Nxa3+ 55. Kc5 Kc8 56. Nf5 Kc7 57. Nd6 Nc2 58. Nb5+ Kc8 59. Kb6 1-0

[Event "SVK-chT1W 0102"]
[Site "Slovakia"]
[Date "2002.??.??"]
[Round "10"]
[White "Horn, Jozef"]
[Black "Matejovic, Juraj"]
[Result "1/2-1/2"]
[WhiteElo "2090"]
[BlackElo "2130"]
[PlyCount "86"]
[EventDate "2001.10.??"]
[EventType "team"]
[EventRounds "11"]
[EventCountry "SVK"]
[SourceTitle "EXT 2009"]
[Source "ChessBase"]
[SourceDate "2008.11.26"]
[SourceVersion "1"]
[SourceVersionDate "2008.11.26"]
[SourceQuality "1"]

1. d4 Nf6 2. Nf3 g6 3. c3 Bg7 4. Nbd2 d6 5. g3 0-0 6. Bg2 Nbd7 7. 0-0 e5 8. Qb3 e4 9. Ng5 d5 10. e3 h6 11. Nh3 g5 12. Kh1 c6 13. a4 a5 14. Qc2 b6 15. b3 Ba6 16. c4 Ng4 17. Nxe4 dxe4 18. Qxe4 Ngf6 19. Qxc6 Rc8 20. Qd6 Re8 21. Qa3 Qc7 22. Ng1 Bb7 23. Nf3 g4 24. Nh4 Bxg2+ 25. Kxg2 Nh7 26. h3 h5 27. Ra2 Ng5 28. hxg4 hxg4 29. Qb2 Qb7+ 30. Kh2 Nf3+ 31. Nxf3 gxf3 32. Qc2 Nf6 33. Qf5 Re4 34. Rh1 Rce8 35. Kg1 R4e6 36. d5 Re5 37. Qxf3 Qd7 38. Rh4 Ne4 39. Bb2 Ng5 40. Qh1 Qf5 41. Bxe5 Nf3+ 42. Kg2 Nxh4+ 43. Qxh4 Qxe5 1/2-1/2

[Event "SVK-chT1W 0102"]
[Site "Slovakia"]
[Date "2002.??.??"]
[Round "5"]
[White "Jablonicky, Frantisek"]
[Black "Horn, Jozef"]
[Result "1-0"]
[WhiteElo "2234"]
[BlackElo "2090"]
[PlyCount "91"]
[EventDate "2001.10.??"]
[EventType "team"]
[EventRounds "11"]
[EventCountry "SVK"]
[SourceTitle "EXT 2007"]
[Source "ChessBase"]
[SourceDate "2006.11.23"]
[SourceVersion "1"]
[SourceVersionDate "2006.11.23"]
[SourceQuality "1"]

1. Nf3 d5 2. d4 Nf6 3. c4 e6 4. g3 b6 5. Bg2 Bb7 6. 0-0 h6 7. Ne5 Nbd7 8. Nc3 Bd6 9. f4 0-0 10. Bd2 c5 11. e3 Rc8 12. g4 Ne4 13. Nxe4 dxe4 14. b3 f5 15. gxf5 exf5 16. Nxd7 Qxd7 17. d5 Be7 18. a4 a5 19. Ra2 Bf6 20. Qh5 Rcd8 21. Bh3 Bc8 22. Be1 Qf7 23. Qd1 Rd6 24. Kh1 Kh7 25. Bg3 g6 26. Rg1 Bd7 27. Bf1 Be8 28. Rag2 Qe7 29. Be2 Rg8 30. Qe1 Rg7 31. h4 h5 32. Bf2 Rd7 33. Rg5 Bxg5 34. Rxg5 Rd6 35. Qc1 Rf7 36. Be1 Rff6 37. Qd1 Qf8 38. Bc3 Qe7 39. Be5 Qf8 40. Qa1 Qe7 41. Kh2 Qf8 42. Kg3 Rf7 43. Bxd6 Qxd6 44. Bxh5 gxh5 45. Rxh5+ Kg6 46. Qh8 1-0

[Event "SVK-chT1W 0102"]
[Site "Slovakia"]
[Date "2002.??.??"]
[Round "1"]
[White "Mikita, Jozef"]
[Black "Horn, Jozef"]
[Result "1-0"]
[WhiteElo "2177"]
[BlackElo "2090"]
[PlyCount "155"]
[EventDate "2001.10.??"]
[EventType "team"]
[EventRounds "11"]
[EventCountry "SVK"]
[SourceTitle "EXT 2007"]
[Source "ChessBase"]
[SourceDate "2006.11.23"]
[SourceVersion "1"]
[SourceVersionDate "2006.11.23"]
[SourceQuality "1"]

1. e4 d6 2. d4 g6 3. Nc3 Bg7 4. Bc4 Nf6 5. Nf3 Nc6 6. h3 0-0 7. Bb3 Na5 8. 0-0 Nxb3 9. axb3 c6 10. Qe2 Qc7 11. e5 dxe5 12. dxe5 Nd5 13. Nxd5 cxd5 14. Re1 Bf5 15. Nd4 Bd7 16. c3 e6 17. Bg5 a6 18. Rad1 Rae8 19. Rd3 Bxe5 20. Qxe5 Qxe5 21. Rxe5 f6 22. Bxf6 Rxf6 23. g3 h6 24. h4 b5 25. b4 Kf7 26. Rde3 Bc8 27. f4 Rg8 28. Kg2 Ke7 29. Kf2 Kd6 30. Ke2 Rg7 31. Kd3 Rc7 32. Re1 Rg7 33. Nf3 Rf5 34. Kd4 Bd7 35. Ra1 Bc8 36. Rh1 Bd7 37. Ree1 Bc8 38. Ra1 Rc7 39. b3 Rg7 40. Rh2 Bb7 41. Rha2 Rc7 42. Re1 Bc8 43. Rf2 Rcf7 44. Ne5 Rg7 45. Ng4 Rh7 46. Re5 h5 47. Ne3 Rff7 48. Nc2 Bb7 49. Ne1 Bc8 50. Nd3 Ra7 51. Ra2 Rhf7 52. Re1 Rfc7 53. Ne5 Rg7 54. Rea1 Rg8 55. Ra5 Rgg7 56. Nd3 Rge7 57. Nc5 e5+ 58. fxe5+ Rxe5 59. Rxb5 axb5 60. Rxa7 Re1 61. Ra8 Rd1+ 62. Ke3 Bf5 63. Rd8+ Ke7 64. Rb8 Rg1 65. Kf4 Rf1+ 66. Ke5 Rf3 67. Rb7+ Kd8 68. Kd6 Rxc3 69. Rb8+ Bc8 70. Ne6+ Ke8 71. Nc7+ Kd8 72. Nxd5 Rxg3 73. Nb6 Rd3+ 74. Kc6 Rc3+ 75. Kxb5 Rc7 76. Nxc8 Rxc8 77. Rxc8+ Kxc8 78. Kc6 1-0